<?xml version="1.0" encoding="UTF-8"?><?xml-stylesheet type="text/xsl" href="static/style.xsl"?><OAI-PMH xmlns="http://www.openarchives.org/OAI/2.0/" xmlns:xsi="http://www.w3.org/2001/XMLSchema-instance" xsi:schemaLocation="http://www.openarchives.org/OAI/2.0/ http://www.openarchives.org/OAI/2.0/OAI-PMH.xsd"><responseDate>2026-04-17T06:48:33Z</responseDate><request verb="GetRecord" identifier="oai:www.recercat.cat:2072/454174" metadataPrefix="marc">https://recercat.cat/oai/request</request><GetRecord><record><header><identifier>oai:recercat.cat:2072/454174</identifier><datestamp>2025-03-29T20:57:46Z</datestamp><setSpec>com_2072_98</setSpec><setSpec>col_2072_378196</setSpec></header><metadata><record xmlns="http://www.loc.gov/MARC21/slim" xmlns:dcterms="http://purl.org/dc/terms/" xmlns:xsi="http://www.w3.org/2001/XMLSchema-instance" xmlns:doc="http://www.lyncode.com/xoai" xsi:schemaLocation="http://www.loc.gov/MARC21/slim http://www.loc.gov/standards/marcxml/schema/MARC21slim.xsd">
   <leader>00925njm 22002777a 4500</leader>
   <datafield ind2=" " ind1=" " tag="042">
      <subfield code="a">dc</subfield>
   </datafield>
   <datafield ind2=" " ind1=" " tag="720">
      <subfield code="a">Valera Andrés, María Carolina</subfield>
      <subfield code="e">author</subfield>
   </datafield>
   <datafield ind2=" " ind1=" " tag="720">
      <subfield code="a">Universitat Autònoma de Barcelona. Facultat de Veterinària</subfield>
      <subfield code="e">author</subfield>
   </datafield>
   <datafield ind2=" " ind1=" " tag="260">
      <subfield code="c">2022</subfield>
   </datafield>
   <datafield ind2=" " ind1=" " tag="520">
      <subfield code="a">TFM</subfield>
   </datafield>
   <datafield ind2=" " ind1=" " tag="520">
      <subfield code="a">Màster Universitari en Qualitat d'Aliments d'Origen Animal</subfield>
   </datafield>
   <datafield ind2=" " ind1=" " tag="520">
      <subfield code="a">En este estudio se investigó la estabilidad oxidativa de dos grupos de emulsiones: las primeras, para ser utilizadas en forma líquida, y las segundas formuladas adecuadamente para su posterior secado. Las primeras fueron obtenidas por homogeneización convencional (CH) a 30 MPa y por homogeneización a ultra altas presiones (UHPH) a 100, 200 y 300 MPa, elaboradas con una mezcla (50:50) de aceites de chía (Salvia hispánica L.) y girasol (Helianthus annuus L.) (10%), y mazada (5 y 7%) como agente emulgente. En el segundo grupo de emulsiones (secas), además de la estabilidad oxidativa, se determinó la actividad de agua y la morfología de los productos en polvo, los cuales se obtuvieron por atomización a partir de emulsiones líquidas tratadas por CH a 30 MPa y por UHPH a 100 y 200 MPa, elaboradas con 10% de aceites en la misma proporción que las anteriores e incluyendo 30% de maltodextrina y cantidades variables de mazada (4, 5, 6 y 7%) como agente emulgente. Los resultados mostraron que las emulsiones sólidas obtenidas a través del método de secado por atomización presentaron niveles de aw acordes a los de alimentos en polvo, con una morfología de microcápsulas con aspecto más o menos rugoso y presencia de algunas depresiones superficiales. También se constató que el tratamiento de secado tuvo efecto en los niveles de oxidación de las emulsiones. En cuanto a la estabilidad oxidativa, se observó que, tanto en las emulsiones sólidas como en las líquidas, el tiempo de almacenamiento a 50 °C y el porcentaje de mazada influyeron en los niveles de oxidación, en general aumentando con el paso del tiempo y disminuyendo conforme aumentó el porcentaje de mazada. Los diferentes métodos y presiones de homogeneización afectaron de forma diferente a la estabilidad oxidativa según se tratara de las emulsiones sólidas o líquidas. Las emulsiones sólidas presentaron mejor estabilidad oxidativa cuando se obtuvieron por UHPH a 100 MPa, y las emulsiones líquidas cuando se trataron por CH a 30 MPa y por UHPH a 200 MPa.</subfield>
   </datafield>
   <datafield tag="653" ind2=" " ind1=" ">
      <subfield code="a">Emulsión O/W</subfield>
   </datafield>
   <datafield tag="653" ind2=" " ind1=" ">
      <subfield code="a">Mazada</subfield>
   </datafield>
   <datafield tag="653" ind2=" " ind1=" ">
      <subfield code="a">Homogeneización convencional</subfield>
   </datafield>
   <datafield tag="653" ind2=" " ind1=" ">
      <subfield code="a">UHPH</subfield>
   </datafield>
   <datafield tag="653" ind2=" " ind1=" ">
      <subfield code="a">Secado por atomización</subfield>
   </datafield>
   <datafield tag="653" ind2=" " ind1=" ">
      <subfield code="a">Estabilidad oxidativa</subfield>
   </datafield>
   <datafield tag="653" ind2=" " ind1=" ">
      <subfield code="a">Buttermilk</subfield>
   </datafield>
   <datafield tag="653" ind2=" " ind1=" ">
      <subfield code="a">Conventional homogenization</subfield>
   </datafield>
   <datafield tag="653" ind2=" " ind1=" ">
      <subfield code="a">Spray drying</subfield>
   </datafield>
   <datafield tag="653" ind2=" " ind1=" ">
      <subfield code="a">Oxidative stability</subfield>
   </datafield>
   <datafield ind2="0" ind1="0" tag="245">
      <subfield code="a">Estabilidad oxidativa de emulsiones O/W formuladas con mazada y aceites vegetales obtenidas por diferentes métodos de homogeneización</subfield>
   </datafield>
</record></metadata></record></GetRecord></OAI-PMH>